Vainqueurs de la Coupe du Monde de Biathlon (Femmes) - Statistiques

Statistiques générales
  • Ce quiz a été pris 57 fois
  • Le résultat moyen est 14 sur 39
Statistiques - réponses
Saison Nat Vainqueure % Correct
2024-2025 ALL Franziska Preuß
100%
2022-2023 FRA Julia Simon
98%
2023-2024 ITA Lisa Vittozzi
98%
2018-2019 ITA Dorothea Wierer
94%
2019-2020 ITA Dorothea Wierer
94%
2021-2022 NOR Marte Olsbu Røiseland
77%
2020-2021 NOR Tiril Eckhof
73%
2010-2011 FIN Kaisa Mäkäräinen
52%
2013-2014 FIN Kaisa Mäkäräinen
52%
2017-2018 FIN Kaisa Mäkäräinen
52%
2016-2017 ALL Laura Dahlmeier
52%
2014-2015 BLR Darya Domracheva
40%
1996-1997 SUE Magdalena Forsberg
35%
1997-1998 SUE Magdalena Forsberg
35%
1998-1999 SUE Magdalena Forsberg
35%
1999-2000 SUE Magdalena Forsberg
35%
2000-2001 SUE Magdalena Forsberg
35%
2001-2002 SUE Magdalena Forsberg
35%
2004-2005 FRA Sandrine Bailly
35%
2015-2016 CZE Gabriela Soukalová
33%
2007-2008 ALL Magdalena Neuner
31%
2009-2010 ALL Magdalena Neuner
31%
2011-2012 ALL Magdalena Neuner
31%
2012-2013 NOR Tora Berger
21%
2013-2014 NOR Tora Berger
21%
1994-1995 FRA Anne Briand
17%
1995-1996 FRA Emmanuelle Claret
13%
2003-2004 NOR Liv Grete Poirée
6%
1990-1991 URS Svetlana Davidova
6%
2006-2007 ALL Andrea Henkel
4%
1987-1988 NOR Anne Elvebakk
2%
1988-1989 URS Elena Golovina
2%
2008-2009 SUE Helena Ekholm
2%
1989-1990 CZE Jiřína Adamičková
2%
2005-2006 ALL Kati Wilhelm
2%
2002-2003 ALL Martina Glagow
2%
1991-1992 RAF Anfisa Reztsova
0%
1992-1993 RUS Anfisa Reztsova
0%
1993-1994 BLR Svetlana Paramygina
0%
Aucun quiz correspondant
Distribution des résultats
% des personnes avec chaque résultat
Percentile par nombre de réponses
Votre historique - résultats
Vous n’avez pas pris ce quiz